Physics, for scientists and engineers

The country's bestselling calculus-based physics text, recognized by over 700 schools for its currency, accuracy, and clarity, has received a carefully crafted revision. Its strong problem solving approach, incorporating new intermediate and challenging problems, innovative spreadsheet problems...

पूर्ण विवरण

में बचाया:
ग्रंथसूची विवरण
मुख्य लेखक: Serway, Raymond A.
स्वरूप: पुस्तक
भाषा:Undetermined
प्रकाशित: Philadelphia Saunders College Pub. 1982
विषय:
टैग : टैग जोड़ें
कोई टैग नहीं, इस रिकॉर्ड को टैग करने वाले पहले व्यक्ति बनें!
Thư viện lưu trữ: Trung tâm Học liệu Trường Đại học Cần Thơ
LEADER 01127nam a2200205Ia 4500
001 CTU_158448
008 210402s9999 xx 000 0 und d
020 |c 35.5 
082 |a 530 
082 |b S481 
100 |a Serway, Raymond A. 
245 0 |a Physics, for scientists and engineers 
245 0 |c Raymond A. Serway 
260 |a Philadelphia 
260 |b Saunders College Pub. 
260 |c 1982 
520 |a The country's bestselling calculus-based physics text, recognized by over 700 schools for its currency, accuracy, and clarity, has received a carefully crafted revision. Its strong problem solving approach, incorporating new intermediate and challenging problems, innovative spreadsheet problems, and ground-breaking conceptual problems with reasoning statements teach students how to think through physical examples as opposed to plugging numbers into formulas. Complementing this unsurpassed textbook is an exceptional ancillary package, complete with interactive multimedia support. 
650 |a Physics,Vật lý 
904 |i Anh Tho,QHieu 
980 |a Trung tâm Học liệu Trường Đại học Cần Thơ